000 00451nam a2200181Ia 4500
001 23334
005 20260414150930.0
008 260414t2012||||xx |||||||||||||| ||spa||
041 _aESP
082 _a629.8
_bR47
100 _aReyes Cortés, Fernando
_eAUT
245 0 _aMatlab :
_baplicado a robótica y mecatrónica
260 _c2012
300 _axix, 438 páginas :
_c23 cm.
650 _aCNM
654 _aCCN
942 _cLIB
_dJUS
_fJUS
_2ddc
_n
999 _c23334
_d23334